000 00547nam a2200181Ia 4500
005 20250508164951.0
008 008 250505s9999 xx 000 0 hin d
037 _aTextBook
040 _aFEDL
_beng
_cFEDL
041 _ahin
_2eng
084 _a300, NCE/R
_qFEDL
245 0 _aSamajik vigyan : Humare atit-2, kaksha 7 ke liye itihas ki patthye pustak. 3 Vols.
245 0 _cNCERT
260 _aDehradun, India
_bKendriya Braille Press
_c2009
546 _aBraille books
942 _cTB
_h300, NCE/R
999 _c1392345
_d1392345